Khởi nghĩa Mai Thúc Loan năm khởi đầu và kết thúc /

Spremljeno u:
Bibliografski detalji
Glavni autor: Phan Huy Lê, GS.
Format: Članak
Jezik:Vietnamese
Teme:
Oznake: Dodaj oznaku
Bez oznaka, Budi prvi tko označuje ovaj zapis!
Thư viện lưu trữ: Thư viện Trường Đại học Đà Lạt
LEADER 00791nam a2200265 4500
001 DLU140165010
005 ##20141030
040 # # |a DLU  |b vie 
041 # # |a vie 
044 # # |a vn 
100 # # |a Phan Huy Lê,   |c GS. 
245 # # |a Khởi nghĩa Mai Thúc Loan năm khởi đầu và kết thúc /  |c Phan Huy Lêc. 
653 # # |a Khởi nghĩa Mai Thúc Loan 
653 # # |a Lịch sử Việt Nam 
653 # # |a Mai Hắc Đế 
773 # # |t Tạp chí Nghiên cứu Lịch sử  |g Số 4(444), 2013, tr.9-21 
920 # # |a Phòng Tạp chí -- Trung tâm Thông tin - Thư viện Trường Đại học Đà Lạt 
994 # # |a DLU 
900 # # |a True 
911 # # |a Trần Thị Minh Hương 
925 # # |a G 
926 # # |a A 
927 # # |a BB 
980 # # |a Thư viện Trường Đại học Đà Lạt